Jock the hero dog / ARC presents in association ... Read More
Available copies
- 1 of 1 copy available at LARL/NWRL Consortium. (Show)
- 1 of 1 copy available at Northwest Regional Library.
Current holds
0 current holds with 1 total copy.
Show All Copies
| Location | Call Number / Copy Notes | Barcode | Shelving Location | Status | Due Date |
|---|---|---|---|---|---|
| Greenbush Public Library | DVD j JOC (Text) | 35500005621261 | Main | Available | - |
Record details
- Physical Description: 1 videodisc (80 min.) : sd., col. ; 4 3/4 in.
- Edition: Widescreen.
- Publisher: Santa Monica, Calif. : ARC Entertainment, 2011.
Content descriptions
| General Note: | Based on the book "Jock of the Bushveld" by Sir Percy Fitzpatrick. Special features: "Way-Oh" music video with Bryan Adams ; trailer. |
| Creation/Production Credits Note: | Music, Klaus Badelt. |
| Participant or Performer Note: | Voices: Donald Sutherland, Helen Hunt, Ted Danson, ... Read More |
| Summary, etc.: | "Jock the Hero Dog is a family animated adventure ... Read More |
| Target Audience Note: | Rating: PG; for some menace and peril. |
| System Details Note: | DVD; region 1; widescreen ; Dolby digital 5.1, ... Read More |
| Language Note: | Closed-captioned. English 5.1, English 2.0 |
Search for related items by subject
| Subject: | Dogs > Drama. Animals > South Africa > Drama. |
| Genre: | Feature films. Animated films. |
| Topic Heading: | DVDs for the hearing impaired. |
| LDR | 02457cgm a2200505Ia 4500 | ||
|---|---|---|---|
| 001 | 212434 | ||
| 003 | LARL_NWRL_CONSORTIUM | ||
| 005 | 20160714150736.0 | ||
| 007 | vd cvaizk | ||
| 008 | 120726s2011 cau080 vleng d | ||
| 024 | 1 | . | ‡a796019825054 |
| 028 | 4 | 2. | ‡a82505 ‡bARC Entertainment |
| 035 | . | ‡a(OCoLC)801834576 | |
| 092 | 0 | . | ‡a791.4372 ‡223 |
| 245 | 0 | 0. | ‡aJock the hero dog / ‡cARC presents in association with Visio Entertainment ; written, produced and directed by Duncan MacNeillie. |
| 250 | . | ‡aWidescreen. | |
| 260 | . | ‡aSanta Monica, Calif. : ‡bARC Entertainment, ‡c2011. | |
| 300 | . | ‡a1 videodisc (80 min.) : ‡bsd., col. ; ‡c4 3/4 in. | |
| 538 | . | ‡aDVD; region 1; widescreen ; Dolby digital 5.1, Dolby digital 2.0. | |
| 546 | . | ‡aClosed-captioned. | |
| 546 | . | ‡aEnglish 5.1, English 2.0 | |
| 521 | 8 | . | ‡aRating: PG; for some menace and peril. |
| 500 | . | ‡aBased on the book "Jock of the Bushveld" by Sir Percy Fitzpatrick. | |
| 511 | 0 | . | ‡aVoices: Donald Sutherland, Helen Hunt, Ted Danson, Mandy Patinkin, Bryan Adams, Archbishop Emeritus Desmond Tutu, William Baldwin. |
| 520 | . | ‡a"Jock the Hero Dog is a family animated adventure that tells the heart-warming, coming-of-age story of a young man and his best friend, a lovable and fearless dog named, Jock. Narrated by Donald Sutherland, the story takes place in the beautiful outback of South Africa. Through a series of life-lessons and bonding experiences, Jock, the runt of the litter, grows to become a beloved and trusted companion, a bold adventurer, and a living embodiment of the power of courage, self-belief and redemption." -- from container. | |
| 508 | . | ‡aMusic, Klaus Badelt. | |
| 500 | . | ‡aSpecial features: "Way-Oh" music video with Bryan Adams ; trailer. | |
| 650 | 0. | ‡aDogs ‡vDrama. ‡0(LARL_NWRL_CONSORTIUM)171976 | |
| 650 | 0. | ‡aAnimals ‡zSouth Africa ‡vDrama. | |
| 655 | 7. | ‡aFeature films. ‡2lcgft ‡0(LARL_NWRL_CONSORTIUM)175625 | |
| 655 | 7. | ‡aAnimated films. ‡2lcgft ‡0(LARL_NWRL_CONSORTIUM)175704 | |
| 690 | . | ‡aDVDs for the hearing impaired. | |
| 700 | 1 | . | ‡aMacNellie, Duncan. |
| 700 | 1 | . | ‡aSutherland, Donald, ‡d1935- ‡0(LARL_NWRL_CONSORTIUM)85090 |
| 700 | 1 | . | ‡aHunt, Helen, ‡d1963- ‡0(LARL_NWRL_CONSORTIUM)140663 |
| 700 | 1 | . | ‡aDanson, Ted, ‡d1947- ‡0(LARL_NWRL_CONSORTIUM)95016 |
| 700 | 1 | . | ‡aPatinkin, Mandy. ‡0(LARL_NWRL_CONSORTIUM)66304 |
| 700 | 1 | . | ‡aAdams, Bryan, ‡d1959- ‡0(LARL_NWRL_CONSORTIUM)101204 |
| 700 | 1 | . | ‡aTutu, Desmond. ‡0(LARL_NWRL_CONSORTIUM)72141 |
| 700 | 1 | . | ‡aBaldwin, William, ‡d1963- ‡0(LARL_NWRL_CONSORTIUM)141465 |
| 700 | 1 | . | ‡aFitzpatrick, Percy, ‡cSir, ‡d1862-1931. ‡tJock of the Bushveld. |
| 901 | . | ‡a212434 ‡b ‡c212434 ‡tbiblio | |

Add to basket
Permalink
Disable Highlighting